Awakening to Indian nationalism and manifestation of Swaraj / (Record no. 1536282)

MARC details
000 -LEADER
fixed length control field 00892nam a22002777a 4500
005 - DATE AND TIME OF LATEST TRANSACTION
control field 20220528103545.0
008 - FIXED-LENGTH DATA ELEMENTS--GENERAL INFORMATION
fixed length control field 220517b2009 ii ||||e |||| 00| 0 eng d
020 ## - INTERNATIONAL STANDARD BOOK NUMBER
International Standard Book Number 9788190764322 :
Price Rs.900.00
040 ## - CATALOGING SOURCE
Original cataloging agency NLI
Language of cataloging eng
Transcribing agency English Processing Division
041 0# - LANGUAGE CODE
Language code of text/sound track or separate title eng
044 ## - COUNTRY OF PUBLISHING/PRODUCING ENTITY CODE
MARC country code ii
082 04 - DEWEY DECIMAL CLASSIFICATION NUMBER
Edition number 23rd ed.
Classification number E 954.03
Book number Si 64 aw
100 1# - MAIN ENTRY--PERSONAL NAME
Linkage 880-01
Personal name Singh, Vidyotma,
Dates associated with a name 1940-
9 (RLIN) 1414750
245 10 - TITLE STATEMENT
Linkage 880-02
Title Awakening to Indian nationalism and manifestation of Swaraj /
Statement of responsibility, etc. Vidyotma Singh
260 ## - PUBLICATION, DISTRIBUTION, ETC.
Place of publication, distribution, etc. Delhi :
Name of publisher, distributor, etc. Vista International Pub. House,
Date of publication, distribution, etc. 2009
300 ## - PHYSICAL DESCRIPTION
Extent vii, 360 p. ;
Dimensions 22 cm.
650 #0 - SUBJECT ADDED ENTRY--TOPICAL TERM
Topical term or geographic name entry element Nationalism
Geographic subdivision India
General subdivision History
651 #0 - SUBJECT ADDED ENTRY--GEOGRAPHIC NAME
Geographic name India
General subdivision Politics and government
Chronological subdivision 1857-1919
651 #0 - SUBJECT ADDED ENTRY--GEOGRAPHIC NAME
Geographic name India
General subdivision Politics and government
Chronological subdivision 1919-1947
852 ## - LOCATION
Location BB
887 ## - NON-MARC INFORMATION FIELD
Data Entry Operator Name / Verifier Name E. Haque
887 ## - NON-MARC INFORMATION FIELD
Data Entry Operator Name / Verifier Name patil2205
942 ## - ADDED ENTRY ELEMENTS (KOHA)
Source of classification or shelving scheme Dewey Decimal Classification
Koha item type Books
651 #0 - SUBJECT ADDED ENTRY--GEOGRAPHIC NAME
9 (RLIN) 686362
700 1# - ADDED ENTRY--PERSONAL NAME
Linkage 880-03
880 1# - ALTERNATE GRAPHIC REPRESENTATION
Linkage 100-01
Holdings
Withdrawn status Lost status Source of classification or shelving scheme Damaged status Not for loan Collection code Home library Current library Shelving location Date acquired Full call number Barcode Date last seen Price effective from Koha item type
    Dewey Decimal Classification     New English National Library of India National Library of India New English - Main Stack Division 17/08/2021 E 954.03 Si 64 aw GIF000047461ENG 17/05/2022 17/05/2022 Books
                                                                           
web counter

Copyright ©2020 The National Library of India, Govt. of India ↔ Hosted by NVLI, MOC ↔ Technology and Design by National Library of India, Ministry of Culture, Govt. of India